| 000 | 00437nam a22001697a 4500 | ||
|---|---|---|---|
| 003 | NUST - PNEC | ||
| 005 | 20170116180857.0 | ||
| 008 | 150831b xxu||||| |||| 00| 0 eng d | ||
| 020 | _a8120305329 | ||
| 040 | _cLIBRARY | ||
| 082 | _a621.3819582 OPP | ||
| 100 |
_96099 _aOppenheim, Alan V |
||
| 245 |
_aDigital signal processing _cAlan V.,Oppenheim, |
||
| 260 | _cc.1975 | ||
| 650 |
_96100 _aDigital electronics _xME |
||
| 942 |
_2ddc _cBK |
||
| 999 |
_c64855 _d64855 |
||